• 首页
  • 本馆介绍
  • 公告通知
  • 最新文献
  • 馆藏检索
  • 电子资源
  • 读者导购
  • 参考咨询
  • 我的图书馆
  • 登录
  • 详细信息显示
  • 放入我的书架
  • 预约/预借图书
  • 作者相关作品
  • 分类相关作品
  • 丛书相关作品
  • 出版社相关作品

书目信息

  • 表格格式
  • 工作单格式
  • 卡片格式
题名:
《列宁选集》简介
    
 
作者: ;《<列宁选集>简介》编写组 编写
分册:  
出版信息: 沈阳   辽宁人民出版社  1985.02
页数: 820页
开本: 21cm
丛书名:
单 册:
中图分类: A821.1
科图分类:
主题词: 列宁著作研究--选集
电子资源:
ISBN:
000 00699nam0 2200229 45
001 0185000708
005 20050317171038.4
010    @dCNY4.00
091    @a3090.714
100    @a19901005d1985 em y0chiy0121 ea
101 0  @achi
102    @aCN@b210000
105    @ay z 000yy
200 12 @a《列宁选集》简介@A《 lie ning xuan ji 》 jian jie@f《<列宁选集>简介》编写组编写@F《Jian Jie》Bian Xie Zu Bian Xie
210    @a沈阳@c辽宁人民出版社@d1985.02
215    @a820页@d21cm
606 0  @a列宁著作研究@x选集
690    @aA821.1@v3
711 02 @a《<列宁选集>简介》编写组@4编写
801  0 @aCN@b深圳图书馆@c20031224
801  2 @aCN@bNLC@c20031224
905    @dA821.1@e8@f1@b153181
    
    《列宁选集》简介/《<列宁选集>简介》编写组编写.-沈阳:辽宁人民出版社,1985.02
    820页;21cm
    
    
    ISBN :CNY4.00
    
●
相关链接 在E读中查询图书 在五车中查询图书 在当当中查询图书 在豆瓣中查询图书


正题名:《列宁选集》简介     索取号:A821.1/8         预约/预借

序号 登录号 条形码 馆藏地/架位号 状态 备注
1 0153180   001858065   密集书库/ [索取号:A821.1/8] 在馆    
2 0153181   001981564   第一借阅区/ [索取号:A821.1/8] 在馆    
3 0153182   000959608   第一样本阅览室/ [索取号:A821.1/8] 在馆    
唐山师范学院图书馆 欢迎您!
大连网信软件有限公司© 版权所有